000
00279nam a2200121Ia 4500
008
190216s9999||||xx |||||||||||||| ||und||
100
_a
Gyanendrapati
245
0
_a
Hindi - Sanshyatma
260
_b
Radhakrishna Prakashan
_c
2004
300
_a
264
650
_a
Hindi
942
_c
BK
999
_c
16439
_d
16439